| 000 | 01910nab a2200325 a 4500 | ||
|---|---|---|---|
| 005 | 20250930134212.0 | ||
| 008 | 991125c2015 sp fr p o 000 0 spa d | ||
| 035 | _aUPN01000207598 | ||
| 040 |
_aMX-MxUPN _bspa _cMX-MxUPN _eaacr2 |
||
| 049 | _aART-E | ||
| 100 | 1 | _aRodríguez Molina, José Miguel | |
| 100 | 1 | _uvibranium@hotmail.c | |
| 100 | 1 | _aAsenjo Araque, Nuria | |
| 100 | 1 | _aBecerra Fernández, Antonio | |
| 100 | 1 | _aLucio Pérez, María Jesús | |
| 100 | 1 | _aRabito Alcón, María Frenzi | |
| 100 | 1 | _aPérez López, Gilberto | |
| 245 | 1 | 0 | _aÁreas de la entrevista para la evaluación psicológica de personas transexuales |
| 506 | 0 | _aAcceso abierto | |
| 520 | 3 | _aEl tratamiento de la transexualidad es en gran medida irreversible. Por ello es necesaria una cuidadosa evaluación psicológica previa. Sin embargo, al ser un fenómeno emergente, se han desarrollado pocas pautas de evaluación. Por ello, se hace necesario tener al menos una orientación acerca de qué áreas evaluar. El objetivo de este estudio es proponer una serie de áreas a incluir en la entrevista para la evaluación psicológica de personas transexuales. Para ello se lleva a cabo una revisión de la literatura existente relacionada con el tema. Se revisan tantos las áreas de evaluación habituales en Psicología Clínica como los aspectos normalmente considerados en la evaluación de personas transexuales. Como conclusiones se proponen una serie de áreas a incluir en la entrevista para la evaluación psicológica de personas transexuales | |
| 650 | 4 |
_aTransexualismo _913168 |
|
| 650 | 2 |
_aEvaluación psicológica _98411 |
|
| 653 | 0 | _aEntrevista clínica | |
| 653 | 0 | _aTransgénero | |
| 773 |
_gVol. 12, no. 2 (2015), p. 15-30 _tAcción psicológica _x2255-1271 |
||
| 856 | 4 | _uhttps://doi.org/10.5944/ap.12.2.12915 | |
| 902 | _aGloria Jiménez/300925 | ||
| 905 | _aArticulo | ||
| 942 | _cART-E | ||
| 999 |
_c179699 _d179699 |
||